Food Policy and Economic Development in Nigeria (Record no. 3044)

MARC details
000 -LEADER
fixed length control field 00355nam a22001337a 4500
008 - FIXED-LENGTH DATA ELEMENTS--GENERAL INFORMATION
fixed length control field 250417b |||||||| |||| 00| 0 eng d
020 ## - INTERNATIONAL STANDARD BOOK NUMBER
ISBN 9782120006
100 ## - MAIN ENTRY--AUTHOR
Author OJO, M . O
245 ## - TITLE STATEMENT
Title Food Policy and Economic Development in Nigeria
260 ## - PUBLICATION, DISTRIBUTION, ETC. (IMPRINT)
Place of publication Lagos
Name of publisher Page Publishers Services
Date of publication 1991
300 ## - COLLATION
Pagination xviii, 395p.
942 ## - ADDED ENTRY ELEMENTS (KOHA)
Item type Books
050 ## - LIBRARY OF CONGRESS CALL NUMBER
Classification number HD9017
Item number .O56
Holdings
Source of classification or shelving scheme Not for loan Permanent location Current location Date acquired Accession No. Full call number Barcode. Koha item type
Library of Congress Classification   Samuel Ogbemudia Main Library, University of Abuja Samuel Ogbemudia Main Library, University of Abuja 04/17/2025 93-01334 HD9017.O56 2025-1446 Books
Library of Congress Classification   Samuel Ogbemudia Main Library, University of Abuja Samuel Ogbemudia Main Library, University of Abuja 04/17/2025 93-01334 HD9017.O56 2025-1447 Books